000 00936nam a2200253Ia 4500
003 OSt
005 20221005112227.0
006 a|||||r|||| 00| 0
007 ta
008 221004b |||||||| |||| 00| 0 pan d
020 _a9788171436170 (hbk)
_cINR 120.00
024 _a33215
037 _b785, 27/02/2017, H.K. Prakashan
_cTextual
040 _aCRL
_cCRL
_bpan
041 _2pan
_apan
082 _aO153,2x, Q4
100 _aਰੰਧਾਵਾ, ਗੁਰਮੀਤ ਕੌਰ, ਂਚ.
245 0 _aਮੈ੍ਵ ਸੱਚ ਕਿੱਥੇ ਬੋਲਾ......<
260 _aਅੰਮ੍ਰਿਤਸਰ
_bਰਵੀ ਸਾਹਿਤ ਪ੍ਰਕਾFਨ ਭਾਰਤ
_c2014
300 _a87ਪ੍ਰ0
_ccm.
650 _a ਪੰਜਾਬੀ ਨਾਟਕ
942 _hO153,2x, Q4
_cTEXL
_2cc
999 _c1024254
_d1024254